LEADER 01956nam 2200589Ia 450 001 9910780392603321 005 20230617025849.0 010 $a0-309-16686-1 010 $a1-280-17957-0 010 $a9786610179572 010 $a0-309-52608-6 035 $a(CKB)111087027008946 035 $a(SSID)ssj0000217217 035 $a(PQKBManifestationID)11173281 035 $a(PQKBTitleCode)TC0000217217 035 $a(PQKBWorkID)10203090 035 $a(PQKB)11464689 035 $a(MiAaPQ)EBC3375839 035 $a(Au-PeEL)EBL3375839 035 $a(CaPaEBR)ebr10046889 035 $a(OCoLC)923259231 035 $a(EXLCZ)99111087027008946 100 $a20040319d2003 uy 0 101 0 $aeng 135 $aurcn||||||||| 181 $ctxt 182 $cc 183 $acr 200 00$aOwner-authorized handguns$b[electronic resource] $ea workshop summary /$fLance A. Davis and Greg Pearson, editors ; National Academy of Engineering of the National Academies 210 $aWashington, D.C. $cNational Academies Press$dc2003 215 $avii, 67 p 300 $aSummary of a workshop convened June 2, 2002 by the National Academy of Engineering in Washington, D.C. 311 $a0-309-08975-1 320 $aIncludes bibliographical references. 606 $aGun control$zUnited States$vCongresses 606 $aFirearms$zUnited States$vCongresses 606 $aFirearms$xSafety measures$vCongresses 606 $aFirearms$xDesign and construction$vCongresses 615 0$aGun control 615 0$aFirearms 615 0$aFirearms$xSafety measures 615 0$aFirearms$xDesign and construction 701 $aDavis$b Lance A$01534872 701 $aPearson$b Greg$01493805 712 02$aNational Academy of Engineering. 801 0$bMiAaPQ 801 1$bMiAaPQ 801 2$bMiAaPQ 906 $aBOOK 912 $a9910780392603321 996 $aOwner-authorized handguns$93799814 997 $aUNINA LEADER 04209nam 2200625 450 001 9910808417403321 005 20230809233925.0 010 $a3-11-054537-3 010 $a3-11-054592-6 024 7 $a10.1515/9783110545920 035 $a(CKB)4340000000191251 035 $a(MiAaPQ)EBC4915784 035 $a(DE-B1597)481404 035 $a(OCoLC)999360549 035 $a(DE-B1597)9783110545920 035 $a(Au-PeEL)EBL4915784 035 $a(CaPaEBR)ebr11412761 035 $a(OCoLC)994775191 035 $a(EXLCZ)994340000000191251 100 $a20170811h20172017 uy 0 101 0 $ager 135 $aurcnu|||||||| 181 $2rdacontent 182 $2rdamedia 183 $2rdacarrier 200 00$aOper der Aufkla?rung - Aufkla?rung der Oper $eFrancesco Algarottis 'Saggio sopra l'opera in musica' im Kontext : Mit einer kommentierten Edition der 5. Fassung des 'Saggio' und ihrer Ubersetzung durch Rudolf Erich Raspe /$fherausgegeben von Frieder von Ammon, Jo?rg Kra?mer und Florian Mehltretter 210 1$aBerlin, [Germany] ;$aBoston, [Massachusetts] :$cDe Gruyter,$d2017. 210 4$d©2017 215 $a1 online resource (400 pages) 225 1 $aFru?he Neuzeit,$x0934-5531 ;$vBand 214 311 $a3-11-054209-9 320 $aIncludes bibliographical references and index. 327 $tFrontmatter -- $tInhalt -- $tEinleitung / $rAmmon, Frieder von / Krämer, Jörg / Mehltretter, Florian -- $tFrancesco Algarottis Saggio sopra l'opera in musica und die europäische Operntheorie in der ersten Hälfte des 18. Jahrhunderts / $rKrämer, Jörg -- $tAlgarottis Saggio sopra l'opera in musica im Kontext der Aufklärungsphilosophie / $rStiening, Gideon -- $tFrancesco Algarotti: Musikberater Friedrichs des Großen / $rHenze-Döhring, Sabine -- $tBritischer Humor, italienische und französische Gelehrtheit / $rGrund, Vera -- $tAlgarotti in Parma / $rLautenschläger, Philine -- $tReformen bei Traetta / $rJahrmärker, Manuela -- $tDie Nachahmungsdebatte im Kontext der Hamburger Oper / $rJahn, Bernhard -- $tAlgarottis Saggio sopra la pittura und die Debatte um Lessings Laokoon / $rNiefanger, Dirk -- $tRudolf Erich Raspe als Übersetzer von Algarottis Saggio sopra l'opera in musica / $rAmmon, Frieder von -- $tVom monströsen zum erotischen Körper / $rGess, Nicola -- $tAnhang -- $tChronik Algarotti -- $tChronik Operngeschichte -- $tAutorinnen und Autoren -- $tPersonenregister 330 $aOper und Aufklärung bilden keineswegs einen Widerspruch, sondern stehen in einem produktiven Verhältnis zueinander; nicht zufällig ist die Gattung ein bevorzugtes Streitobjekt der Aufklärer. Am bündigsten kommen diese Debatten in Francesco Algarottis 'Saggio sopra l'opera in musica' zum Ausdruck, einer Schrift, die zuerst 1755 erschien und bald in ganz Europa Verbreitung fand, heute aber so gut wie vergessen ist. So elegant wie scharfzüngig führt Algarotti darin seine Vorstellungen von einer grundlegenden Reform der Oper nach den Maßgaben einer aufgeklärten Ästhetik aus, wobei er auch auf seine Erfahrungen als spiritus rector der friderizianischen Oper in Berlin und Potsdam zurückgreifen kann. In vorliegendem Band werden diese Schrift und ihre weitreichenden Wirkungen von Literatur-, Musik- und Theaterwissenschaftlern sowie Philosophiehistorikern erstmals umfassend analysiert und kontextualisiert. Hinzu kommt eine kommentierte Edition der am weitesten verbreiteten Fassung des 'Saggio' sowie ihrer einflussreichen deutschen Übersetzung durch den umstrittenen Aufklärer Rudolf Erich Raspe. 410 0$aFru?he Neuzeit ;$vBand 214. 606 $aOpera$zEurope 606 $aOpera$zGermany 610 $aEnlightenment. 610 $aOpera. 610 $acultural transfer. 610 $atheater theory. 615 0$aOpera 615 0$aOpera 676 $a910.92 686 $aLR 54171$2rvk 702 $aAmmon$b Frieder von 702 $aKra?mer$b Jo?rg$f1960- 702 $aMehltretter$b Florian 801 0$bMiAaPQ 801 1$bMiAaPQ 801 2$bMiAaPQ 906 $aBOOK 912 $a9910808417403321 996 $aOper der Aufkla?rung - Aufkla?rung der Oper$93930857 997 $aUNINA